| 000 | 00443nam a2200145 i 4500 | ||
|---|---|---|---|
| 001 | 150160 | ||
| 003 | ES-MaACL | ||
| 007 | t| | ||
| 008 | 071026s1945 sp ||||1| spa d | ||
| 100 | 1 |
_aValls Serra, J. _9112951 |
|
| 245 | 1 | 0 |
_aDiagnóstico y tratamiento de las varices esenciales / _cpor J. Valls-Serra. |
| 260 |
_aBarcelona : _bRubí, _c1945. |
||
| 300 |
_a189 p., 20 h. de lám. : _bil. ; _c21 cm. |
||
| 852 |
_aES-MaACL _jE-217 _bR.22117 |
||
| 999 |
_c150160 _d150160 |
||